| 000 | 00595cam a2200181 4500 | ||
|---|---|---|---|
| 001 | WS105119 | ||
| 008 | 000000n 000 0 eng u | ||
| 035 | _a(Sirsi) u105119 | ||
| 245 | _aTenders Electronic Daily | ||
| 520 | _aWeb site which gives free daily access to the Official Journal Series S which lists new tenders issued in the EU. | ||
| 650 | _aEUROPEAN PROCUREMENT | ||
| 650 | _aTENDERS | ||
| 650 | _aProcurement-old | ||
| 650 | _aINTERNATIONAL | ||
| 690 | _aEUROPE | ||
| 856 | 4 | 0 |
_uhttps://ted.eur-op.eu.int/ _zView the website free of charge at ted.eur-op.eu.int/... |
| 942 | _n0 | ||
| 999 |
_c119460 _d119460 |
||